Single and two stage diffusion process by different chemical combinations for treatment of rubber wood (Record no. 68740)
[ view plain ]
| 000 -LEADER | |
|---|---|
| fixed length control field | 01347nam a2200229Ia 4500 |
| 100 ## - MAIN ENTRY--AUTHOR NAME | |
| Personal name | Jose V T |
| 245 #0 - TITLE STATEMENT | |
| Title | Single and two stage diffusion process by different chemical combinations for treatment of rubber wood |
| 260 ## - PUBLICATION, DISTRIBUTION, ETC. (IMPRINT) | |
| Name of publisher | Indian Journal of Natural Rubber Research |
| Year of publication | 1995 |
| 300 ## - PHYSICAL DESCRIPTION | |
| Number of Pages | 109-112 |
| 520 ## - SUMMARY, ETC. | |
| Summary, etc | Treatment of rubber wood by diffusion process using sodium pentachlorophenate in combination with either zinc sulphate or copper sulphate was found to be very effective for the preservation of both fungal and insect attack. Zinc sulphate or copper sulphate can be considered as a substitute for borax, boric acid combination against insect attack in the preservative treatment of rubber wood. It was found that single stage diffusion process after two consequtive dipping in sodium pentachlorophenate and in either zinc sulphate or copper sulphate is equally effective as two stage difusion process, first with sodium pentachlorophenate and then with either zinc sulphate or copper sulphate. |
| 650 ## - SUBJECT ADDED ENTRY--TOPICAL TERM | |
| Topical Term | Diffusion process |
| 650 ## - SUBJECT ADDED ENTRY--TOPICAL TERM | |
| Topical Term | Hevea brasiliensis |
| 650 ## - SUBJECT ADDED ENTRY--TOPICAL TERM | |
| Topical Term | Insect borer |
| 650 ## - SUBJECT ADDED ENTRY--TOPICAL TERM | |
| Topical Term | Rubber wood |
| 650 ## - SUBJECT ADDED ENTRY--TOPICAL TERM | |
| Topical Term | Sapstain fungus |
| 650 ## - SUBJECT ADDED ENTRY--TOPICAL TERM | |
| Topical Term | Wood preservation |
| 700 ## - ADDED ENTRY--PERSONAL NAME | |
| Personal name | Jayarathnam K |
| 700 ## - ADDED ENTRY--PERSONAL NAME | |
| Personal name | Nehru C R |
| 700 ## - ADDED ENTRY--PERSONAL NAME | |
| Personal name | Rajalakshmy V K |
| 942 ## - ADDED ENTRY ELEMENTS (KOHA) | |
| Koha item type | Journals |
| Withdrawn status | Lost status | Damaged status | Not for loan | Home library | Current library | Shelving location | Date acquired | Serial Enumeration / chronology | Koha item type |
|---|---|---|---|---|---|---|---|---|---|
| Journals | RRII Library | RRII Library | Rubber general | 17/12/2021 | Volume 8, Issue 2 | Journals |